000 00446nam a2200181 4500
003 SEACOMMC
005 20231010061433.0
008 231010b |||||||| |||| 00| 0 eng d
020 _cRs. 125.00
040 _aSEACOMMC
082 _a621.38152
_bMAL
100 1 _aMalarvizhi, K.
245 1 _aSolid state drives
_cK. Malarvizhi,
260 _aChennai
_bScitech
_c2005
650 _aEngineering
650 _aComponents and circuits
942 _cBOOK
999 _c54
_d54